[Event "SV Bottrop 1 - SG Werl-Wickede 1"]
[Site "Verbandsliga - Gr. 1 2019/202"]
[Date "2019.11.17"]
[Round "3.7"]
[White "Huegel, Guido"]
[Black "Jaeger, Heinz"]
[Result "1/2-1/2"]
[WhiteElo "1780"]
[BlackElo "1948"]
[PlyCount "30"]
[EventDate "2019.??.??"]

1. e4 g6 2. d4 d6 3. Nc3 Bg7 4. Be3 Nc6 5. Be2 e5 6. Nf3 exd4 7. Nxd4 Nge7 8.
Qd2 O-O 9. h4 Nxd4 10. Bxd4 Bxd4 11. Qxd4 Nc6 12. Qd2 Be6 13. a3 Qf6 14. Qg5
Kg7 15. Qxf6+ Kxf6 1/2-1/2

[Event "SV Bottrop 1 - SG Werl-Wickede 1"]
[Site "Verbandsliga - Gr. 1 2019/202"]
[Date "2019.11.17"]
[Round "3.8"]
[White "Huestegge, Ulrich"]
[Black "Zimmer, Sebastian"]
[Result "1-0"]
[WhiteElo "1850"]
[BlackElo "1713"]
[PlyCount "51"]
[EventDate "2019.??.??"]

1. c4 Nf6 2. Nc3 g6 3. g3 Bg7 4. Bg2 O-O 5. e4 d6 6. Nge2 c5 7. O-O Nc6 8. d3
Bd7 9. f4 Qc8 10. Nd5 Bh3 11. f5 Bxg2 12. Kxg2 Nxd5 13. cxd5 Nd4 14. g4 e6 15.
f6 Bh8 16. Bh6 Re8 17. dxe6 Nxe6 18. Rc1 Qd8 19. Ng3 Bxf6 20. Qf3 Bg7 21. Qxf7+
Kh8 22. Bxg7+ Nxg7 23. Qxb7 Rb8 24. Qf7 Rxb2+ 25. Kh1 Qh4 26. Qf8+ 1-0

[Event "Weiße Dame Borbeck 1 - SG Gladbeck 1"]
[Site "Verbandsliga - Gr. 1 2019/202"]
[Date "2019.11.17"]
[Round "3.1"]
[White "Mancic, Ivan"]
[Black "Loyen, Egbert"]
[Result "1/2-1/2"]
[WhiteElo "2159"]
[BlackElo "2184"]
[Annotator "Daniel"]
[PlyCount "44"]
[EventDate "2019.??.??"]

1. d4 d6 2. Nf3 Nf6 3. g3 g6 4. Bg2 Bg7 5. c4 O-O 6. Nc3 c6 7. O-O Qa5 8. e4 e5
9. Re1 Bg4 10. d5 cxd5 11. cxd5 b5 12. Bd2 b4 13. Qa4 Qxa4 14. Nxa4 Bd7 15. b3
Bxa4 16. bxa4 a5 17. a3 Na6 18. Bf1 bxa3 19. Bxa6 Rxa6 20. Rxa3 Rc8 $11 21. Rc3
Rxc3 22. Bxc3 Nd7 1/2-1/2

[Event "Weiße Dame Borbeck 1 - SG Gladbeck 1"]
[Site "Verbandsliga - Gr. 1 2019/202"]
[Date "2019.11.17"]
[Round "3.2"]
[White "Hillenbrand, Michael"]
[Black "Frohne, Gerd"]
[Result "1/2-1/2"]
[WhiteElo "2081"]
[BlackElo "2033"]
[PlyCount "106"]
[EventDate "2019.??.??"]

1. c4 e6 2. Nf3 d5 3. g3 Nf6 4. Bg2 Be7 5. O-O O-O 6. Qc2 c6 7. d3 Nbd7 8. e4
dxe4 9. dxe4 Qc7 10. b3 Re8 11. Bb2 e5 12. Nbd2 Bc5 13. a3 a5 14. Bc3 Qb6 15.
Ne1 Bd4 16. Nd3 c5 17. Bxd4 cxd4 18. b4 Nf8 19. c5 Qc7 20. Nc4 axb4 21. axb4
Rxa1 22. Rxa1 Bd7 23. Nd6 Re6 24. Qa2 Ne8 25. Nxe8 Rxe8 26. Qa5 Qc6 27. Rb1 Qb5
28. Qxb5 Bxb5 29. Bf1 Bxd3 30. Bxd3 Ra8 31. Bc4 Nd7 32. Bd5 Ra7 33. Bxb7 Rxb7
34. c6 Rc7 35. cxd7 Rxd7 36. Kf1 Kf8 37. Ke2 Ke7 38. Kd3 Rc7 39. Rb3 Kd6 40. f4
f6 41. Ra3 h5 42. Ra6+ Rc6 43. Ra7 Rc3+ 44. Kd2 g5 45. fxg5 fxg5 46. Rh7 h4 47.
gxh4 gxh4 48. Rh6+ Kd7 49. Rxh4 Rb3 50. Rh5 Kd6 51. Rh6+ Kd7 52. Rh5 Kd6 53.
Rh6+ Kd7 1/2-1/2

[Event "Weiße Dame Borbeck 1 - SG Gladbeck 1"]
[Site "Verbandsliga - Gr. 1 2019/202"]
[Date "2019.11.17"]
[Round "3.3"]
[White "Berg, Dietmar"]
[Black "Dewenter, Ulf"]
[Result "0-1"]
[WhiteElo "1949"]
[BlackElo "2104"]
[PlyCount "48"]
[EventDate "2019.??.??"]

1. d4 Nf6 2. Nf3 g6 3. Bg5 Bg7 4. Nbd2 O-O 5. c3 d5 6. e3 c5 7. Be2 Qb6 8. Qb3
Nc6 9. O-O c4 10. Qa3 Re8 11. b3 cxb3 12. axb3 Bf5 13. h3 Rad8 14. Ne5 Nxe5 15.
dxe5 Ne4 16. Nxe4 dxe4 17. Bxe7 Rd2 18. Bc4 Bxe5 19. Bc5 Qf6 20. Bb5 Bxh3 21.
Bxe8 Qg5 22. Bxf7+ Kh8 23. g3 Bxg3 24. Bd4+ Be5+ 0-1

[Event "Weiße Dame Borbeck 1 - SG Gladbeck 1"]
[Site "Verbandsliga - Gr. 1 2019/202"]
[Date "2019.11.17"]
[Round "3.4"]
[White "Klasmeier, Jens"]
[Black "Rickert, Stefan"]
[Result "1-0"]
[WhiteElo "2058"]
[BlackElo "1939"]
[Annotator "Daniel"]
[PlyCount "117"]
[EventDate "2019.??.??"]

1. e4 c5 2. Be2 Nc6 3. f4 e5 4. d3 Nf6 5. Nf3 exf4 6. Bxf4 d5 7. Nc3 Be6 8. O-O
Be7 9. Ng5 dxe4 10. Nxe6 fxe6 11. dxe4 e5 12. Be3 Qxd1 13. Raxd1 Nd4 14. Bb5+
Nxb5 15. Nxb5 O-O 16. Bg5 Rfd8 17. Bxf6 gxf6 18. Nc7 Rac8 19. Rxd8+ Rxd8 20.
Nd5 Kf7 21. c4 Rg8 22. h3 Ke6 23. Rf3 Rd8 24. Kf2 Rd6 25. Ra3 a6 26. Rb3 Rd7
27. g4 Bd8 28. a4 Rg7 29. Rd3 Rd7 30. Ke2 Ba5 $11 31. Rf3 Bd8 32. Rf5 h6 33.
Rh5 Rh7 34. Ne3 Be7 35. h4 Kf7 36. Rf5 Ke6 37. Nd5 Bd8 38. Kf3 Rh8 39. Kg3 Rh7
40. Rh5 Rh8 41. Ne3 Kf7 42. Nf5 Kg6 43. Ne3 Rh7 44. Rf5 b5 45. h5+ Kf7 46. axb5
axb5 47. Rf1 Ke6 48. Rd1 Rd7 49. Rxd7 Kxd7 50. cxb5 Ba5 51. Nd5 Bd8 52. b3 Kd6
53. Kf3 c4 54. bxc4 Kc5 55. Ke3 Ba5 56. Kd3 Bd8 57. Ne3 Be7 58. g5 f5 59. gxh6
1-0

[Event "Weiße Dame Borbeck 1 - SG Gladbeck 1"]
[Site "Verbandsliga - Gr. 1 2019/202"]
[Date "2019.11.17"]
[Round "3.5"]
[White "Wenzel, Martin"]
[Black "Poetter, Clemens"]
[Result "0-1"]
[WhiteElo "1903"]
[BlackElo "1994"]
[PlyCount "54"]
[EventDate "2019.??.??"]

1. e4 d6 2. d4 Nf6 3. Nc3 g6 4. Bc4 Bg7 5. f3 c6 6. a4 a5 7. Nge2 Na6 8. Be3
Nb4 9. Qd2 d5 10. Bb3 dxe4 11. fxe4 Ng4 12. Bg1 e5 13. d5 Bh6 14. Qd1 Ne3 15.
Bxe3 Bxe3 16. Ng3 Qg5 17. dxc6 bxc6 18. Qd6 Qe7 19. Qxe7+ Kxe7 20. Na2 Rb8 21.
Nxb4 Rxb4 22. Rd1 Ba6 23. Ra1 Rd8 24. Ra3 Rbd4 25. Ra1 Rd2 26. Rf1 Bxf1 27.
Nxf1 Bf2# 0-1

[Event "Weiße Dame Borbeck 1 - SG Gladbeck 1"]
[Site "Verbandsliga - Gr. 1 2019/202"]
[Date "2019.11.17"]
[Round "3.6"]
[White "Korste, Sebastian"]
[Black "Winzbeck, Frank"]
[Result "1-0"]
[WhiteElo "1945"]
[BlackElo "1885"]
[Annotator "Daniel"]
[PlyCount "123"]
[EventDate "2019.??.??"]

1. d4 Nf6 2. Nf3 e6 3. Bg5 h6 4. Bh4 d5 5. e3 c5 6. c3 Nc6 7. Nbd2 Be7 8. Bd3
c4 9. Bc2 b5 10. O-O Bb7 11. Re1 O-O 12. Bxf6 Bxf6 13. e4 dxe4 14. Nxe4 Re8 15.
Nc5 Qc7 16. Nxb7 Qxb7 17. Ne5 Rad8 18. Qf3 Bxe5 19. Rxe5 Qd7 20. Rc5 Ne7 21. a4
a6 22. axb5 axb5 23. Ra5 Rb8 24. h3 Rec8 $11 25. Qg3 Rb6 26. Be4 Rcb8 27. Rc7
Qe8 28. Raa7 Nc8 29. Bh7+ Kf8 30. Rxf7+ Qxf7 31. Rxf7+ Kxf7 32. Qf3+ Ke7 33.
Qg3 Kf8 34. Qf4+ Ke7 35. Qc7+ Kf8 36. Qd8+ Kf7 37. Bg8+ Kg6 38. Qe8+ Kg5 39.
Bxe6 Nd6 40. Qe7+ Kg6 41. Bd5 Kh7 42. f3 Re8 43. Be4+ Kh8 44. Qd7 Reb8 45. Bg6
Rf8 46. Qe7 Ra8 47. f4 Rg8 48. f5 Nc8 49. Qc7 Rf6 50. g4 Nd6 51. Qd7 Rb8 52. h4
Ne4 53. Qc7 Rbf8 54. Qe5 Nd2 55. Kg2 Rb6 56. Qc5 Rbb8 57. Qd6 Ne4 58. Qe5 Nf6
59. g5 Ng8 60. f6 Rb7 61. f7 Ne7 62. gxh6 1-0

[Event "Weiße Dame Borbeck 1 - SG Gladbeck 1"]
[Site "Verbandsliga - Gr. 1 2019/202"]
[Date "2019.11.17"]
[Round "3.7"]
[White "Kruse, Peter"]
[Black "Kindermann, Carsten"]
[Result "1-0"]
[WhiteElo "1950"]
[BlackElo "1912"]
[PlyCount "83"]
[EventDate "2019.??.??"]

1. e4 e5 2. Nf3 d6 3. d4 Nd7 4. c3 Be7 5. Bd3 Ngf6 6. O-O c6 7. a4 O-O 8. Re1
Qc7 9. b3 Re8 10. Bb2 Nf8 11. Nbd2 Ng6 12. g3 Bg4 13. Be2 Rad8 14. Ng5 Bc8 15.
Bc4 d5 16. exd5 Nxd5 17. Qh5 Bxg5 18. Qxg5 exd4 19. cxd4 Be6 20. Rac1 Qd7 21.
Ne4 h6 22. Qd2 b6 23. Ba3 Bf5 24. Nd6 Rxe1+ 25. Rxe1 Be6 26. Qc2 Nge7 27. Bd3
Nc8 28. Nc4 b5 29. Ne5 Qb7 30. Nxc6 Rd7 31. axb5 Nd6 32. Qc5 Qa8 33. Qc2 Qb7
34. Qc5 Qa8 35. Re5 Nb7 36. Qc2 Nd8 37. Bc4 Kh8 38. Bxd5 Rxd5 39. Rxd5 Bxd5 40.
Qc5 Bxc6 41. Qf8+ Kh7 42. bxc6 1-0

[Event "Weiße Dame Borbeck 1 - SG Gladbeck 1"]
[Site "Verbandsliga - Gr. 1 2019/202"]
[Date "2019.11.17"]
[Round "3.8"]
[White "Klasmeier, Hartmut"]
[Black "Kucheyda, Joerg"]
[Result "1-0"]
[WhiteElo "1857"]
[BlackElo "1910"]
[PlyCount "89"]
[EventDate "2019.??.??"]

1. e4 e6 2. d4 d5 3. exd5 exd5 4. Bd3 Bd6 5. Nc3 c6 6. Qe2+ Qe7 7. h3 Qxe2+ 8.
Ngxe2 Ne7 9. Bf4 Bxf4 10. Nxf4 Bf5 11. g4 Bxd3 12. Nxd3 Nd7 13. Kd2 f6 14. Rae1
Kf7 15. Re2 Ng6 16. h4 h5 17. g5 Rae8 18. f4 f5 19. Rxe8 Rxe8 20. Ne2 Ne7 21.
Ne5+ Nxe5 22. fxe5 g6 23. Nf4 Nc8 24. Re1 Re7 25. b3 Nb6 26. Rc1 Na8 27. c4
dxc4 28. bxc4 Nc7 29. Nd3 Rd7 30. Kc3 Ne6 31. Rb1 b6 32. c5 Rxd4 33. cxb6 axb6
34. Rxb6 Rxh4 35. Rxc6 Rg4 36. Ra6 Rg3 37. Kc4 h4 38. Ra7+ Ke8 39. Kd5 Nxg5 40.
Nc5 Rg2 41. e6 h3 42. Ke5 Re2+ 43. Kf6 Nxe6 44. Nxe6 h2 45. Re7# 1-0

[Event "SV Waltrop 1 - Bochumer SV 2"]
[Site "Verbandsliga - Gr. 1 2019/202"]
[Date "2019.11.17"]
[Round "3.1"]
[White "Schneider, Bernd"]
[Black "Eckert, Marius"]
[Result "1-0"]
[WhiteElo "2266"]
[BlackElo "2125"]
[PlyCount "101"]
[EventDate "2019.??.??"]

1. c4 c6 2. Nf3 d5 3. Qc2 Nf6 4. g3 Bg4 5. Bg2 e6 6. O-O Be7 7. d3 Nbd7 8. Nbd2
O-O 9. b3 h6 10. Bb2 a5 11. a3 Bh5 12. Bc3 Qc7 13. Qb2 b5 14. cxb5 cxb5 15.
Rfc1 Rfc8 16. b4 Nb6 17. Bd4 Qb7 18. Rxc8+ Nxc8 19. bxa5 Rxa5 20. Nb3 Ra8 21.
Nc5 Qb8 22. Ne5 Qd6 23. h3 Na7 24. g4 Bg6 25. Rc1 Nc6 26. Nb7 Qb8 27. Rxc6 Qxb7
28. Nxg6 Bxa3 29. Qc2 fxg6 30. Rxe6 Rc8 31. Qb3 Rc1+ 32. Kh2 Be7 33. Bxf6 Bxf6
34. Bxd5 Qb8+ 35. Kg2 Kh7 36. Be4 Rc7 37. h4 Re7 38. h5 Qf4 39. hxg6+ Kh8 40.
Bf3 Qg5 41. Rxe7 Bxe7 42. Qf7 Qf6 43. Qe8+ Bf8 44. Bd5 b4 45. Qe6 Qxe6 46. Bxe6
Bc5 47. f4 b3 48. Bxb3 Bd6 49. Kf3 h5 50. g5 h4 51. Be6 1-0

[Event "SV Waltrop 1 - Bochumer SV 2"]
[Site "Verbandsliga - Gr. 1 2019/202"]
[Date "2019.11.17"]
[Round "3.2"]
[White "Gasper, Joern"]
[Black "Heinbuch, Detlef Ulrich"]
[Result "1/2-1/2"]
[WhiteElo "2071"]
[BlackElo "2222"]
[PlyCount "66"]
[EventDate "2019.??.??"]

1. Nf3 c5 2. b3 b6 3. Bb2 Bb7 4. e3 Nf6 5. Be2 e6 6. O-O Be7 7. c4 O-O 8. d4 a6
9. Nc3 d6 10. dxc5 bxc5 11. Qc2 Qc7 12. Ng5 h6 13. Nge4 Rd8 14. Bf3 Nfd7 15.
Rfd1 Ne5 16. Be2 Qc6 17. f4 Ned7 18. Bf3 Qc7 19. Rd2 f5 20. Nxd6 Bxf3 21. Nxf5
exf5 22. Qxf5 Nf6 23. Rxd8+ Qxd8 24. gxf3 Qd7 25. Nd5 Nxd5 26. Qxd5+ Qxd5 27.
cxd5 Bd6 28. Kf2 Ra7 29. Rg1 Bf8 30. e4 Nd7 31. e5 Nb6 32. Rd1 g6 33. Ke3 Rd7
1/2-1/2

[Event "SV Waltrop 1 - Bochumer SV 2"]
[Site "Verbandsliga - Gr. 1 2019/202"]
[Date "2019.11.17"]
[Round "3.3"]
[White "Wolter, Detlev"]
[Black "Winterberg, Andreas"]
[Result "1-0"]
[WhiteElo "2182"]
[BlackElo "2001"]
[PlyCount "65"]
[EventDate "2019.??.??"]

1. d4 Nf6 2. Bg5 e6 3. Nd2 d5 4. c3 c5 5. e3 Nc6 6. Ngf3 Qb6 7. Qb3 Be7 8. dxc5
Qxc5 9. Bd3 O-O 10. O-O e5 11. e4 Be6 12. Qc2 d4 13. Nb3 Qb6 14. cxd4 Nb4 15.
Qe2 Nxd3 16. Qxd3 exd4 17. e5 Nd5 18. Nbxd4 Bc5 19. Nb3 Nb4 20. Qe4 Na6 21.
Nfd4 Bxd4 22. Nxd4 Nc5 23. Qe2 a6 24. Rfd1 Rfe8 25. Be3 Qc7 26. f4 Qe7 27. Rac1
Rac8 28. Bf2 b5 29. b3 Qb7 30. Rxc5 Rxc5 31. Nxe6 Rd5 32. Rxd5 Qxd5 33. Nc7 1-0

[Event "SV Waltrop 1 - Bochumer SV 2"]
[Site "Verbandsliga - Gr. 1 2019/202"]
[Date "2019.11.17"]
[Round "3.4"]
[White "Breidenbach, Rolf"]
[Black "Kraemer, Matthias"]
[Result "0-1"]
[WhiteElo "1921"]
[BlackElo "2189"]
[PlyCount "56"]
[EventDate "2019.??.??"]

1. d4 Nf6 2. Bf4 d5 3. e3 c5 4. c3 Nc6 5. Nd2 Bf5 6. Qb3 Qc8 7. Ngf3 e6 8. Bb5
Nd7 9. O-O Be7 10. c4 a6 11. cxd5 axb5 12. dxc6 bxc6 13. dxc5 Nxc5 14. Qc3 O-O
15. Nd4 Bg6 16. b4 Nd3 17. a3 e5 18. Nxc6 Bf6 19. Bg3 Ra6 20. e4 Rd8 21. Rfc1
Nxc1 22. Rxc1 Rxc6 23. Qxc6 Qxc6 24. Rxc6 Rxd2 25. Rc8+ Rd8 26. Rxd8+ Bxd8 27.
f3 f6 28. Kf2 Bb6+ 0-1

[Event "SV Waltrop 1 - Bochumer SV 2"]
[Site "Verbandsliga - Gr. 1 2019/202"]
[Date "2019.11.17"]
[Round "3.5"]
[White "Hinkmann, Jens"]
[Black "Drewes, Martin"]
[Result "1/2-1/2"]
[WhiteElo "1986"]
[BlackElo "1920"]
[PlyCount "64"]
[EventDate "2019.??.??"]

1. e4 e5 2. Nc3 Nc6 3. Bc4 Nf6 4. d3 Na5 5. Nf3 d6 6. h3 Be7 7. Bb5+ c6 8. Ba4
b5 9. Bb3 O-O 10. O-O Qc7 11. Be3 a6 12. Ne2 Bb7 13. Ng3 g6 14. c3 Nxb3 15.
Qxb3 d5 16. exd5 cxd5 17. Bh6 Rfe8 18. d4 e4 19. Ne5 Bd6 20. f3 Bxe5 21. dxe5
Qxe5 22. fxe4 dxe4 23. Bf4 Qd5 24. Rad1 Qc5+ 25. Kh2 Bd5 26. Qc2 Re6 27. Ne2
Nh5 28. g4 Ng7 29. Nd4 Ree8 30. a3 Rac8 31. Qd2 Bb7 32. Qe3 Bd5 1/2-1/2

[Event "SV Waltrop 1 - Bochumer SV 2"]
[Site "Verbandsliga - Gr. 1 2019/202"]
[Date "2019.11.17"]
[Round "3.6"]
[White "Atali, Dogukan"]
[Black "Goralski, Christian"]
[Result "1-0"]
[WhiteElo "1856"]
[BlackElo "1941"]
[PlyCount "85"]
[EventDate "2019.??.??"]

1. e4 d5 2. exd5 Nf6 3. Bb5+ Nbd7 4. c4 a6 5. Ba4 b5 6. cxb5 Nb6 7. bxa6+ Nxa4
8. Qxa4+ Nd7 9. a7 g6 10. Nc3 Bg7 11. Nf3 O-O 12. d3 Nb6 13. Qa3 Bb7 14. O-O
Nxd5 15. Nxd5 Bxd5 16. Be3 Bxf3 17. gxf3 Qd5 18. Qxe7 Rfe8 19. Qxc7 Be5 20. Qc4
Qxf3 21. Qh4 Re6 22. Qg5 Ree8 23. Qg2 Qh5 24. Rab1 f5 25. f4 Bg7 26. Bc5 Qh4
27. b4 Qd8 28. Qf2 Rc8 29. Bb6 Qd7 30. Rfe1 Qxd3 31. Rxe8+ Rxe8 32. Rf1 Qd5 33.
a4 h6 34. a5 Kh7 35. Qg2 Re4 36. Bf2 Bc3 37. Rc1 Bxb4 38. Rc7+ Kh8 39. Rc8+ Kh7
40. a8=Q Qd1+ 41. Qf1 Qg4+ 42. Bg3 Re1 43. Qxe1 1-0

[Event "SV Waltrop 1 - Bochumer SV 2"]
[Site "Verbandsliga - Gr. 1 2019/202"]
[Date "2019.11.17"]
[Round "3.7"]
[White "Peters, Olaf"]
[Black "Sehrbrock, Christoph"]
[Result "1/2-1/2"]
[WhiteElo "1923"]
[BlackElo "1811"]
[PlyCount "88"]
[EventDate "2019.??.??"]

1. c4 e5 2. Nc3 Nf6 3. g3 c6 4. Nf3 e4 5. Nd4 Bb4 6. Bg2 Bxc3 7. bxc3 O-O 8.
O-O Re8 9. d3 exd3 10. exd3 d5 11. cxd5 Nxd5 12. Qb3 Na6 13. Ba3 Qa5 14. Rac1
Nc5 15. Bxc5 Qxc5 16. Rfe1 Rxe1+ 17. Rxe1 Kf8 18. Ne2 Bg4 19. Bxd5 cxd5 20. Nf4
b6 21. Qxd5 Qxd5 22. Nxd5 Be6 23. Nc7 Rd8 24. Nxe6+ fxe6 25. d4 Kf7 26. f4 Rc8
27. Re3 Rc4 28. Kf2 b5 29. h4 a6 30. g4 Kf6 31. g5+ Kf7 32. h5 Ra4 33. Re2 Rc4
34. Rc2 Ke7 35. Ke3 Kd6 36. Kd3 Kd5 37. h6 g6 38. Re2 Kd6 39. Rb2 Ra4 40. Ke4
Rc4 41. Rb3 Ra4 42. Rb2 Rc4 43. Kd3 Ra4 44. Re2 Ra3 1/2-1/2

[Event "SV Waltrop 1 - Bochumer SV 2"]
[Site "Verbandsliga - Gr. 1 2019/202"]
[Date "2019.11.17"]
[Round "3.8"]
[White "Schmidt, Sebastian"]
[Black "Bautz, Volker"]
[Result "1-0"]
[WhiteElo "1687"]
[BlackElo "1845"]
[Annotator "Daniel"]
[PlyCount "113"]
[EventDate "2019.??.??"]

1. e4 c5 2. Nf3 d6 3. Bb5+ Nd7 4. O-O a6 5. Bxd7+ Bxd7 6. c3 Bc6 7. Re1 e5 8.
d4 Qc7 9. Nbd2 Nf6 10. dxe5 dxe5 11. Qc2 Rd8 12. Nf1 c4 13. Bg5 Be7 14. Bxf6
Bxf6 15. b3 cxb3 16. axb3 O-O 17. Ne3 g6 18. Rad1 Qe7 19. Nd5 Qe6 20. c4 h6 21.
Rd3 Bg7 22. Red1 Rd7 23. Nd2 f5 24. f3 Rfd8 25. Nb1 fxe4 26. fxe4 Rf8 27. Nd2
Qg4 28. Rf3 Rdf7 29. Rdf1 Rxf3 30. Rxf3 Qg5 31. Rg3 Qh5 32. Nf3 g5 33. Ne7+ Kh7
34. Nf5 Qe8 35. h4 Rxf5 36. exf5 e4 37. Nh2 Be5 38. Rh3 Bd4+ 39. Kh1 e3 40. Qe2
Qe4 41. hxg5 Qxf5 42. Rxh6+ Kg7 43. Rh4 Qb1+ 44. Nf1 Bc5 45. g6 Kg8 46. Kh2
Bd6+ $11 47. g3 b5 48. Rd4 Bc7 49. Qxe3 Qxg6 50. Qe2 Qh6+ 51. Kg1 Bb6 52. Qg4+
Kf7 53. c5 Qh1+ 54. Kf2 Qg2+ 55. Ke1 Bc7 56. Qf5+ Kg7 57. Rg4+ 1-0

[Event "SK Sodingen/Castrop 2 - Dortmunder SV 1"]
[Site "Verbandsliga - Gr. 2 2019/202"]
[Date "2019.11.17"]
[Round "3.1"]
[White "Wichtrup, Jan-Louis"]
[Black "Ribbeheger, Edgar"]
[Result "1-0"]
[WhiteElo "2127"]
[BlackElo "2014"]
[PlyCount "61"]
[EventDate "2019.??.??"]

1. Nf3 d5 2. e3 Nf6 3. c4 e6 4. b3 Be7 5. Bb2 Nbd7 6. Nc3 O-O 7. Qc2 c5 8. cxd5
exd5 9. d4 cxd4 10. Nxd4 a6 11. Be2 Qc7 12. Rc1 Ne5 13. Nxd5 Nxd5 14. Qxc7 Nxc7
15. Rxc7 Bb4+ 16. Kd1 Rd8 17. Kc1 Nc6 18. Nxc6 bxc6 19. Rd1 Bf5 20. Rxc6 Rxd1+
21. Kxd1 Rd8+ 22. Bd4 a5 23. Bc4 Bd7 24. Rc7 Be8 25. Ke2 h6 26. Ra7 Kf8 27. h4
f6 28. g4 Rc8 29. f3 Rd8 30. g5 hxg5 31. hxg5 1-0

[Event "SK Sodingen/Castrop 2 - Dortmunder SV 1"]
[Site "Verbandsliga - Gr. 2 2019/202"]
[Date "2019.11.17"]
[Round "3.2"]
[White "Foerster, Wolfgang"]
[Black "Zeldin, Leonid"]
[Result "1/2-1/2"]
[WhiteElo "1994"]
[BlackElo "2057"]
[PlyCount "46"]
[EventDate "2019.??.??"]

1. e4 g6 2. Nc3 Bg7 3. g3 c5 4. Bg2 Nc6 5. d3 e6 6. Be3 Nd4 7. Qd2 Ne7 8. h4 h5
9. Nh3 Nec6 10. O-O Ne5 11. f3 b5 12. Nd1 d6 13. c3 Ndc6 14. Ndf2 Bb7 15. Rae1
Qc7 16. f4 Nd7 17. f5 O-O-O 18. fxe6 fxe6 19. Ng5 Rde8 20. Nfh3 Nd8 21. Nf4 e5
22. Nd5 Bxd5 23. exd5 Nf6 1/2-1/2

[Event "SK Sodingen/Castrop 2 - Dortmunder SV 1"]
[Site "Verbandsliga - Gr. 2 2019/202"]
[Date "2019.11.17"]
[Round "3.3"]
[White "Wittmann, Rainer"]
[Black "Kock, Wolfgang"]
[Result "1/2-1/2"]
[WhiteElo "1995"]
[BlackElo "2019"]
[PlyCount "39"]
[EventDate "2019.??.??"]

1. e4 d5 2. exd5 Qxd5 3. Nc3 Qa5 4. Nf3 Nf6 5. Bc4 Bf5 6. d3 c6 7. Qe2 Nbd7 8.
Bd2 Qc7 9. O-O-O Bg4 10. h3 Bxf3 11. Qxf3 e6 12. Bf4 Bd6 13. Bxd6 Qxd6 14. Ne4
Nxe4 15. dxe4 Qe7 16. Qg3 O-O-O 17. f3 Qf6 18. Qf2 Qg5+ 19. Rd2 Qc5 20. Qxc5
1/2-1/2

[Event "SK Sodingen/Castrop 2 - Dortmunder SV 1"]
[Site "Verbandsliga - Gr. 2 2019/202"]
[Date "2019.11.17"]
[Round "3.5"]
[White "Brockmann, Fabian"]
[Black "Hessel, Malte"]
[Result "1/2-1/2"]
[WhiteElo "1921"]
[BlackElo "1940"]
[PlyCount "80"]
[EventDate "2019.??.??"]

1. e4 c6 2. d4 d5 3. Nc3 dxe4 4. Nxe4 Nd7 5. Nf3 Ngf6 6. Nxf6+ Nxf6 7. g3 Bg4
8. Bg2 e6 9. O-O Be7 10. c3 O-O 11. Re1 Qb6 12. Qb3 Qxb3 13. axb3 a6 14. Ne5
Bf5 15. Bg5 Rfd8 16. g4 Bc2 17. b4 Nd5 18. Bxe7 Nxe7 19. Nc4 Nd5 20. Ne3 Bg6
21. Nxd5 cxd5 22. Ra5 Rac8 23. b5 Bd3 24. Bf1 Bxf1 25. Kxf1 axb5 26. Rxb5 Rc7
27. Ra1 f6 28. Ra7 Rdd7 29. Ke2 Kf7 30. Kd3 e5 31. Raa5 Ke6 32. Rc5 Rxc5 33.
Rxc5 Kd6 34. f3 b6 35. Rc8 Rb7 36. Rd8+ Rd7 37. dxe5+ fxe5 38. Rb8 Kc6 39. Re8
Kd6 40. Rb8 Kc6 1/2-1/2

[Event "SK Sodingen/Castrop 2 - Dortmunder SV 1"]
[Site "Verbandsliga - Gr. 2 2019/202"]
[Date "2019.11.17"]
[Round "3.6"]
[White "Zwielich, Frank"]
[Black "Alarand, Beshr"]
[Result "1-0"]
[WhiteElo "1938"]
[BlackElo "1908"]
[PlyCount "105"]
[EventDate "2019.??.??"]

1. d4 Nf6 2. Nf3 d5 3. Bf4 Bf5 4. c4 e6 5. Nc3 a6 6. e3 Bd6 7. Ne5 dxc4 8. Bxc4
O-O 9. Qf3 Bxe5 10. dxe5 Nfd7 11. Qxb7 Nb6 12. Rd1 N8d7 13. Be2 Qc8 14. Qxc8
Rfxc8 15. O-O Rd8 16. Bg5 f6 17. exf6 Nxf6 18. Rxd8+ Rxd8 19. Bxa6 Rd2 20. e4
Nxe4 21. Nxe4 Rxb2 22. Nc3 Nd5 23. Nxd5 exd5 24. a4 Ra2 25. Bb5 Bc2 26. Bc6 Bb3
27. g3 Kf8 28. Rb1 Bc4 29. Bb5 Bxb5 30. axb5 Rc2 31. b6 cxb6 32. Rxb6 h6 33.
Bf4 Ke7 34. h4 Rc8 35. Rg6 Kf7 36. h5 d4 37. Rd6 Rc5 38. g4 Rc4 39. f3 Rc3 40.
Kf2 d3 41. Bd2 Rb3 42. Ke3 Ra3 43. Rxd3 Ra7 44. Rd6 Ra3+ 45. Ke4 Ra4+ 46. Kf5
Ke7 47. Rd5 Ra6 48. Bc3 Kf8 49. Be5 Ra7 50. f4 Kf7 51. Rc5 Kg8 52. Rc8+ Kh7 53.
Rc7 1-0

[Event "SK Sodingen/Castrop 2 - Dortmunder SV 1"]
[Site "Verbandsliga - Gr. 2 2019/202"]
[Date "2019.11.17"]
[Round "3.7"]
[White "Wolff, Torsten"]
[Black "Evertz, Dieter"]
[Result "0-1"]
[WhiteElo "1859"]
[BlackElo "1922"]
[PlyCount "68"]
[EventDate "2019.??.??"]

1. d4 f5 2. e4 fxe4 3. Nc3 Nf6 4. Bg5 g6 5. f3 d5 6. fxe4 Nxe4 7. Nxe4 dxe4 8.
Qd2 Bg7 9. O-O-O Bg4 10. Be2 Qd7 11. h3 Bxe2 12. Nxe2 Nc6 13. Qe3 Qd5 14. Nc3
Qa5 15. Bh4 O-O-O 16. Qxe4 Rxd4 17. Rxd4 Bxd4 18. Qe6+ Kb8 19. Be1 Qg5+ 20. Bd2
Qxg2 21. Re1 Rd8 22. Ne4 Bf6 23. c3 Ne5 24. Kd1 a6 25. Re2 Qf1+ 26. Re1 Qf3+
27. Kc2 Qd3+ 28. Kc1 Nc4 29. Bf4 Bh4 30. Rh1 Qf3 31. Bxc7+ Kxc7 32. Qxc4+ Kb8
33. Rf1 Qxh3 34. Nf2 Qe3+ 0-1

[Event "SK Sodingen/Castrop 2 - Dortmunder SV 1"]
[Site "Verbandsliga - Gr. 2 2019/202"]
[Date "2019.11.17"]
[Round "3.8"]
[White "Scheibe, Werner"]
[Black "Meinschien, Finn"]
[Result "1/2-1/2"]
[WhiteElo "1826"]
[BlackElo "1810"]
[PlyCount "59"]
[EventDate "2019.??.??"]

1. d4 Nf6 2. e3 g6 3. Bd3 d5 4. Nf3 Bg7 5. O-O O-O 6. Nbd2 Nbd7 7. c4 c5 8. b3
b6 9. Bb2 Bb7 10. Re1 Ne4 11. cxd5 Nxd2 12. Qxd2 Bxd5 13. e4 Bb7 14. d5 Qc7 15.
Bxg7 Kxg7 16. Rad1 Ne5 17. Qc3 f6 18. Nxe5 Qxe5 19. Qxe5 fxe5 20. Re3 Rad8 21.
Be2 Rd6 22. Bg4 Bc8 23. Bxc8 Rxc8 24. Rc3 e6 25. Rcd3 Rcd8 26. Kf1 exd5 27.
Rxd5 Rxd5 28. exd5 Kf6 29. Ke2 e4 30. Ke3 1/2-1/2

[Event "SF Essen-Katernberg  3 - Oberhausener S"]
[Site "Verbandsliga - Gr. 2 2019/202"]
[Date "2019.11.17"]
[Round "3.1"]
[White "Joergens, Markus"]
[Black "Rosen, Willy"]
[Result "1/2-1/2"]
[WhiteElo "1991"]
[BlackElo "2106"]
[PlyCount "69"]
[EventDate "2019.??.??"]

1. d4 Nf6 2. c4 e6 3. Nc3 Bb4 4. e3 b6 5. Bd3 Bb7 6. Nf3 c5 7. O-O O-O 8. Na4
cxd4 9. exd4 Re8 10. a3 Bf8 11. Bg5 d6 12. Re1 Nbd7 13. Nc3 h6 14. Bh4 Qc7 15.
Nb5 Qb8 16. b4 a6 17. Nc3 Qa7 18. a4 Rac8 19. Nd2 Nd5 20. Nxd5 exd5 21. Rxe8
Rxe8 22. Qg4 Bc8 23. Qf5 Nf6 24. Qf3 dxc4 25. Nxc4 b5 26. axb5 Qxd4 27. Rd1
axb5 28. Bxf6 gxf6 29. Ne3 Qxb4 30. Nd5 Re1+ 31. Rxe1 Qxe1+ 32. Bf1 Bg7 33.
Nxf6+ Bxf6 34. Qxf6 Ba6 35. Qxh6 1/2-1/2

[Event "SF Essen-Katernberg  3 - Oberhausener S"]
[Site "Verbandsliga - Gr. 2 2019/202"]
[Date "2019.11.17"]
[Round "3.2"]
[White "Krueger, Erich"]
[Black "Weyh, Thomas"]
[Result "0-1"]
[WhiteElo "2061"]
[BlackElo "1993"]
[PlyCount "114"]
[EventDate "2019.??.??"]

1. d4 d5 2. c4 e6 3. Nc3 c5 4. cxd5 exd5 5. Nf3 Nc6 6. Bg5 Be7 7. Bxe7 Ngxe7 8.
e3 c4 9. Be2 Bf5 10. O-O O-O 11. Ne5 Re8 12. b3 Qa5 13. Rc1 Nxe5 14. dxe5 Rac8
15. f4 Be6 16. bxc4 dxc4 17. e4 Red8 18. Qe1 Qc5+ 19. Qf2 g6 20. g4 b5 21. f5
Bd7 22. f6 Qxf2+ 23. Kxf2 Nc6 24. Nxb5 Nxe5 25. Nd6 Rc6 26. Nxc4 Rxf6+ 27. Kg3
Rxf1 28. Rxf1 Nxc4 29. Bxc4 Be6 30. Bxe6 fxe6 31. Rf6 Rd6 32. Kf4 Ra6 33. h4
Rxa2 34. Rxe6 a5 35. Ra6 a4 36. Kg5 a3 37. e5 Re2 38. Kf6 Rf2+ 39. Ke7 a2 40.
e6 Kg7 41. g5 Re2 42. Kd7 Rd2+ 43. Ke8 Re2 44. Ra7+ Kg8 45. Ke7 Rd2 46. Rd7
a1=Q 47. Rxd2 Qa3+ 48. Rd6 Qb4 49. Kd7 Qa4+ 50. Rc6 Qa7+ 51. Kd6 Qd4+ 52. Kc7
Qxh4 53. Kd7 Qd4+ 54. Rd6 Qg4 55. Ke8 Qxg5 56. e7 Qb5+ 57. Kd8 Kf7 0-1